Estadísticas para Preposiciones en Español

Haz click aquí para tomar la prueba!

Estadísticas generales

  • Esta prueba ha sido tomada 3.584 veces
  • La puntuación promedio es 16 de 19

Estadísticas de respuestas

Preposiciones% Correcto
A
99%
De
96%
Con
94%
Ante
91%
Por
90%
Desde
88%
Para
87%
Contra
86%
Bajo
85%
En
83%
So
83%
Sin
80%
Sobre
80%
Entre
74%
Tras
74%
Hasta
73%
Según
71%
Hacia
69%
Cabe
65%

Distribución de puntuación

Porcentaje por número respondido

Porcentaje de gente con cada puntuación

Historial de tus puntuaciones

No has tomado esta prueba